Uk rap - Statistics

General Stats
  • This quiz has been taken 163 times
  • The average score is 13 of 50
Answer Stats
First Letter Name % Correct
D Dave
79%
S Skepta
69%
A AJ Tracey
67%
J JME
64%
A Aitch
63%
S Stormzy
63%
H Headie One
54%
J JHus
53%
F Fredo
48%
T Tion Wayne
42%
G Giggs
40%
D Digdat
39%
N Nines
38%
H Hardy Caprio
34%
K Krept and Konan
33%
L Loski
31%
K Kano
30%
M Mostack
30%
R Russ
28%
A Avelino
27%
B Bugzy Malone
26%
D Deno
26%
S SL
23%
C Chip
22%
D D Block
22%
A Abra Cadabra
21%
C Cadet
21%
M M Huncho
21%
N Not3s
16%
D Dizzie Rascal
15%
N NSG
15%
J JAY1
13%
R Ramz
13%
K Ktrap
12%
W Wretch 32
12%
P Poundz
11%
B Burna Boy
9%
K Kojo Funds
9%
M MIST
9%
Y Yungen
9%
z ZieZie
7%
Y Yxng Bane
6%
B B Young
5%
O Octavian
5%
S Slowthai
4%
J Jaykae
3%
K Kenny Allstar
1%
L Lethal Bizzle
1%
T T Mulla
1%
S Sneakbo
0%
No matching quizzes found
Score Distribution
Percent of People with Each Score
Percentile by Number Answered
Your Score History
You have not taken this quiz